000 00988nam a22002777a 4500
005 2010080503243.0
010 _aENG-98278
020 _a9788125038306
_c495.00
035 _aEN-81811
037 _bDBAD/PUB
082 _a327.5405491
245 _aBridging partition :
_bpeople initiatives for peace between India and Pakistan /
_cedited by Smitu Kothari...[et..al]
260 _aNew Delhi
_bOrient Blackswan
_c2010
270 _a1/24 Asaf Ali Road
_bNew Delhi
_e110002
300 _a347p.
_c20cm (pbk)
650 _zIndia
650 _aInternational Relations
_96692
650 _zPakistan
_96693
700 _aMian, Zia
_96694
700 _aKothari, Smitu
_96695
700 _aBhasin, Kamla
_96696
700 _aNayyar, A. H.
_96697
700 _aTahseen, Mohammad
_96698
942 _2ddc
_cEN
_h327.5405491
_mBRI
999 _c39401
_d39401